| 000 | 00562nam a2200217Ia 4500 | ||
|---|---|---|---|
| 003 | OSt | ||
| 005 | 20230406100058.0 | ||
| 008 | 210423s2008 xx 000 0 und d | ||
| 020 | _a97886541203 | ||
| 040 | _cAL | ||
| 041 | _aeng | ||
| 082 |
_a657.42 _223 _bBANB |
||
| 100 |
_aBANERJEE (Bhabatosh). _984019 |
||
| 245 | _aCost accounting: theory and practice. | ||
| 250 | _a12 | ||
| 260 |
_aNew Delhi _bPHI Learning Pvt Ltd _c2008 |
||
| 300 |
_axv,972. _bPB |
||
| 365 |
_b2008 _cINR |
||
| 906 | _aaccounting: ; Cost ; practice. ; theory | ||
| 942 |
_2ddc _cBK |
||
| 999 |
_c156972 _d156972 |
||